| 000 | 03600nam a2200505 4500 | ||
|---|---|---|---|
| 999 |
_c64315 _d64315 |
||
| 001 | 768714001 | ||
| 003 | CO-MdFUSB | ||
| 005 | 20180625130017.0 | ||
| 008 | 180620t2018 ck ||||| |||| 00| 0 spa d | ||
| 020 |
_a9789584268860 _q13: |
||
| 020 |
_a9584268864 _q10: |
||
| 040 |
_aCO-MdFUSB _bspa _cCO-MdFUSB _dCO-MdFUSBC _erda |
||
| 041 | _aspa | ||
| 082 |
_222 _a320.986 _bC735 |
||
| 245 | 1 | 1 |
_a¿Cómo mejorar a Colombia? _b: 25 ideas para reparar el futuro _c/ editado por Mauricio García Villegas |
| 264 | 1 |
_aBogotá : _bUniversidad Nacional de Colombia ; _bInstituto de Estudios Políticos y Relaciones Internacionales (IEPRI) , _c[2018] |
|
| 264 | 4 | _c©2018 | |
| 300 |
_a425 páginas _c; 24 cm. |
||
| 336 |
_2rdacontent _atexto _btxt |
||
| 337 |
_2rdamedia _asin mediación _bn |
||
| 338 |
_2rdacarrier _avolumen _bnc |
||
| 504 | _aIncluye referencias bibliográficas | ||
| 505 |
_tIdeas para reparar el futuro _r/ Mauricio García Villegas |
||
| 505 |
_tDel fracaso a las soluciones a medias: ¿Podrá Colombia resolver ahora sus problemas a fondo? _r/ Jorge Orlando Melo |
||
| 505 |
_t¿Una paz incluyente y fundacional? _r/ Rodrigo Uprimmy |
||
| 505 |
_tLos enredos de la paz _r/ Francisco Gutiérrez Sanín |
||
| 505 |
_tDe la memoria a la historia. Colombia en busca de una nueva representación de su pasado _r/ Ricardo Peñaranda |
||
| 505 |
_t"Pa'lante es pa'ya": las mujeres desplazada y la reconstrucción desde abajo _r/ Julieta Lemaitre Ripoll |
||
| 505 |
_tEl acuerdo con las Farc y los cultivos ílicitos ... _r/ Andrés López Restrepo |
||
| 505 |
_tReconocimientos y transformaciones en las culturas políticas de la izquierda. _r/ Fabio López de la Roche |
||
| 505 |
_tReforma a la política, reformas política y consolidación de la paz _r/ Clara Rocío Rodríguez Pico |
||
| 505 |
_tUn parto de los montes. Apuntes sobre la paz en Colombia. _r/ Antanas Mockus |
||
| 505 |
_tEmociones y violencia en el posconflicto Colombiano _r/ Piedad Bonnett |
||
| 505 |
_t¿Una paz maleducada e insostenible? Cómo la política educativa del Estado aleja a Colombia de la justicia, de la democracia y la paz _r/ Juan Gabriel Gómez Albarello |
||
| 505 |
_tReconciliación, encuentro e igual consideración _r/ Jorge Giraldo Ramírez |
||
| 505 |
_tCinco ideas para reducir la corrupción _r/ Alejandro Gaviria. |
||
| 505 |
_tMedio ambiente y futuro en Colombia _r/ Diana Rodríguez Franco y Helena Durán Crane |
||
| 505 |
_tCreencias y paz en Colombia _r/ Andrea Ramírez y Mauricio García Villegas ... |
||
| 520 | _aEs posible mejorar a Colombia? Los autores de este libro pensamos que sí. Pero esa convicción es un anhelo más que una certeza. Ninguno tiene la receta terminada de lo que es necesario hacer y mucho menos del programa detallado que se debería acometer para lograr semejante objetivo. Solo los políticos tienen este tipo de evidencias, y no tanto porque sepan más que nosotros, sino porque no están dispuestos a poner de manifiesto las incertidumbres y los imponderables que inevitablemente encierra este tipo de empresas. Pero nuestro anhelo es más que una quimera infundada y más que un simple intento de espantar una fatalidad que nos dejaría reducidos a la lucha inerte. Es un anhelo sustentado en razones; en buenas razones para reparar desde el ahora el futuro que se cierne sobre nosotros si no hacemos nada distinto de lo que hemos hecho. | ||
| 563 | _aRústico | ||
| 650 | 0 |
_9147 _aReconciliación _bAspectos políticos _zColombia |
|
| 653 | _aPolítica -- Colombia | ||
| 720 |
_aGarcía Villegas, Mauricio _e[editor] |
||
| 942 | _cBK | ||